| 000 | 005670000a22002530004500 | ||
|---|---|---|---|
| 005 | 20120302055113.0 | ||
| 942 | _cBOOK | ||
| 100 | _a Naagappa | ||
| 245 | _a Karnaatak | ||
| 260 | _aNew Delhi:Akhila Bharatiya Hindi Sansthaa Sangha,1992. | ||
| 300 | _a103p. | ||
| 040 | _aHIN | ||
| 365 | _b45/- | ||
| 650 | _aPradesh | ||
| 650 | _aKarnaatak | ||
| 650 | _aDarshan-Karnaatak | ||
| 650 | _aAitihaasika | ||
| 650 | _aPraachina Saahitya | ||
| 650 | _aBhashaa | ||
| 650 | _aItihaas | ||
| 650 | _aSaamraajyashahi | ||
| 650 | _aUtsav | ||
| 650 | _aTyohaar | ||
| 999 |
_c347492 _d347489 |
||